000 nam a22 a 4500
999 _c427979
_d427979
003 BLK
005 20210811141739.0
008 210811b bul|||||r ||||||| ||bul||
040 _aBLK
041 _aBUL
_cBUL
080 _aБългарска литература
_b821.163.2
_x-31
_z821.163.2-31
100 1 _aСлавински, Петър
_eпърви автор
_gЧолаков, Петър Атанасов
_9382072
139 _aСлавински, Петър
_bС 43
245 1 0 _aПоследният щурм
_bРоман
_cПетър Славински; * Петър Атанасов Чолаков.
250 _a2. доп. и прераб. изд.
257 _aBGR
260 _aСофия
_bВоенно издателство
_c1952
_9405459
300 _a468 с.
_c21 см
380 _aX
490 _9462143
_aКраят на господарите
700 1 _aЧолаков, Петър Атанасов
_e*
_9327431
852 _aЦб 8.210.46339
_bЦб
856 4 _qpdf
856 4 _qpdf
942 _cKNG
_n0
_s1
944 _aCR
_c2021-08-11
_kА.М.
999 _d427976
999 _d427976